NFL Pro Bowl Defensive Ends 2000s - Statistics

General Stats
  • This quiz has been taken 6 times
  • The average score is 30 of 78
Answer Stats
Year Team Player % Correct
2009 Panthers Julius Peppers
100%
2008 Panthers Julius Peppers
100%
2006 Panthers Julius Peppers
100%
2005 Panthers Julius Peppers
100%
2004 Panthers Julius Peppers
100%
2009 Colts Dwight Freeney
83%
2008 Colts Dwight Freeney
83%
2005 Colts Dwight Freeney
83%
2004 Colts Dwight Freeney
83%
2003 Colts Dwight Freeney
83%
2005 Giants Michael Strahan
83%
2003 Giants Michael Strahan
83%
2002 Giants Michael Strahan
83%
2001 Giants Michael Strahan
83%
2004 Steelers Aaron Smith
67%
2009 Vikings Jared Allen
67%
2008 Vikings Jared Allen
67%
2007 Chiefs Jared Allen
67%
2007 Dolphins Jason Taylor
67%
2006 Dolphins Jason Taylor
67%
2005 Dolphins Jason Taylor
67%
2004 Dolphins Jason Taylor
67%
2002 Dolphins Jason Taylor
67%
2000 Dolphins Jason Taylor
67%
2001 Titans Jevon Kearse
67%
2000 Titans Jevon Kearse
67%
2008 Giants Justin Tuck
67%
2009 Texans Mario Williams
67%
2008 Texans Mario Williams
67%
2006 Saints Will Smith
67%
2000 Saints Joe Johnson
50%
2007 Giants Osi Umenyiora
33%
2005 Giants Osi Umenyiora
33%
2006 Patriots Richard Seymour
33%
2005 Patriots Richard Seymour
33%
2004 Patriots Richard Seymour
33%
2002 Patriots Richard Seymour
33%
2009 Colts Robert Mathis
33%
2008 Colts Robert Mathis
33%
2006 Ravens Terrell Suggs
33%
2007 Bills Aaron Schobel
17%
2006 Bills Aaron Schobel
17%
2002 Texans Gary Walker
17%
2004 Jets John Abraham
17%
2002 Jets John Abraham
17%
2001 Jets John Abraham
17%
2002 Titans Kevin Carter
17%
2009 Titans Kyle Vanden Bosch
17%
2007 Titans Kyle Vanden Bosch
17%
2005 Titans Kyle Vanden Bosch
17%
2000 Redskins Marco Coleman
17%
2001 Lions Robert Porcher
17%
2009 Jets Shaun Ellis
17%
2003 Jets Shaun Ellis
17%
2003 Buccaneers Simeon Rice
17%
2002 Buccaneers Simeon Rice
17%
2009 Eagles Trent Cole
17%
2007 Eagles Trent Cole
17%
2002 Broncos Trevor Pryce
17%
2003 Patriots Willie McGinest
17%
2007 Packers Aaron Kampman
0%
2006 Packers Aaron Kampman
0%
2003 Dolphins Adewale Ogunleye
0%
2004 Cardinals Bertrand Berry
0%
2006 Raiders Derrick Burgess
0%
2005 Raiders Derrick Burgess
0%
2003 Chiefs Gary Stills
0%
2002 Eagles Hugh Douglas
0%
2001 Eagles Hugh Douglas
0%
2000 Eagles Hugh Douglas
0%
2003 Packers Kabeer Gbaja-Biamila
0%
2003 Rams Leonard Little
0%
2001 Chargers Marcellus Wiley
0%
2003 Panthers Mike Rucker
0%
2007 Seahawks Patrick Kerney
0%
2004 Falcons Patrick Kerney
0%
2002 Dolphins Tim Bowens
0%
2000 Dolphins Trace Armstrong
0%
No matching quizzes found
Score Distribution
Percent of People with Each Score
Percentile by Number Answered
Your Score History
You have not taken this quiz